Statistieken voor Steden naar landen - Wereld

Klik hier om de quiz te nemen!

Algemene statistieken

  • Deze quiz is 138 keer genomen
  • De gemiddelde score is 79 van 160

Antwoordstatistieken

VraagVakSelect% Correct
de Verenigde StatenWashington D.C.Ja
94%
de Verenigde StatenNew YorkJa
93%
de Verenigde StatenChicagoJa
90%
de Verenigde StatenCalgaryNee
89%
de Verenigde StatenEdmontonNee
89%
de Verenigde StatenHoustonJa
87%
de Verenigde StatenWinnipegNee
83%
de Verenigde StatenOttawaNee
81%
de Verenigde StatenVancouverNee
80%
de Verenigde StatenMontrealNee
79%
de Verenigde StatenOrlandoJa
75%
de Verenigde StatenSan DiegoJa
74%
de Verenigde StatenSeattleJa
74%
de Verenigde StatenTorontoNee
73%
de Verenigde StatenAtlantaJa
72%
BraziliëMedellinNee
72%
BraziliëMontevideoNee
72%
AustraliëSydneyJa
72%
ChinaAlmatyNee
71%
BraziliëSao PauloJa
71%
BraziliëQuitoNee
70%
BraziliëRio de JaneiroJa
70%
JapanBusanNee
69%
JapanDalianNee
69%
ChinaLahoreNee
69%
JapanTokioJa
69%
BraziliëBrasiliaJa
68%
JapanHamhungNee
68%
ChinaKathmanduNee
67%
ChinaMultanNee
67%
AustraliëQuebecNee
67%
AustraliëDublinNee
66%
BraziliëLimaNee
66%
JapanTainanNee
66%
BraziliëBogotaNee
65%
BraziliëCaracasNee
65%
AustraliëChristchurchNee
65%
JapanIncheonNee
65%
ChinaIrkoetskNee
65%
ChinaPekingJa
65%
de Verenigde StatenSantiagoNee
65%
ChinaShanghaiJa
65%
AustraliëSouthhamptonNee
65%
ChinaThimpuNee
65%
ChinaFukuokaNee
64%
IndiaLuandaNee
64%
JapanDaeguNee
63%
IndiaColomboNee
62%
BraziliëCordobaNee
62%
JapanJejuNee
62%
IndiaFaisalabadNee
61%
IndiaIslamabadNee
61%
Zuid-AfrikaMaseruNee
61%
AustraliëMelbrouneJa
61%
IndiaNew DelhiJa
61%
AustraliëWellingtonNee
61%
AustraliëYorkshireNee
61%
TurkijeBatoemiNee
60%
AustraliëDenverNee
59%
BraziliëLa PazNee
59%
Zuid-AfrikaMbabaneNee
59%
TurkijeMosoelNee
59%
AustraliëCanberraJa
58%
IndiaKarachiNee
58%
TurkijeKobaniNee
58%
JapanKyotoJa
58%
ChinaYokohamaNee
58%
IndiaChittagongNee
57%
Zuid-AfrikaHarareNee
57%
JapanYantaiNee
57%
Zuid-AfrikaBulawayoNee
56%
TurkijeIstanboelJa
56%
TurkijeAleppoNee
55%
MexicoBelmopanNee
55%
Zuid-AfrikaKaapstadJa
55%
JapanOsakaJa
55%
TurkijeArbilNee
54%
TurkijeBoergasNee
54%
TurkijeAnkaraJa
53%
Zuid-AfrikaGaboroneNee
53%
JapanHiroshimaJa
53%
ChinaHong KongJa
53%
Zuid-AfrikaJohannesburgJa
52%
MexicoManaguaNee
52%
TurkijeTabrizNee
52%
Zuid-AfrikaDelftNee
51%
TurkijeRaqqaNee
51%
JapanFukushimaJa
50%
IndiaMandalayNee
50%
MexicoMaracaiboNee
50%
IndiaMumbaiJa
50%
ChinaWuhanJa
50%
MexicoCopanNee
49%
MexicoColonNee
46%
AustraliëPerthJa
46%
de Democratische Republiek CongoDodomaNee
45%
MexicoTegucigalpaNee
45%
AustraliëAucklandNee
44%
IndiaDhakaNee
44%
de Democratische Republiek CongoKampalaNee
44%
MexicoLeonNee
44%
ChinaXianJa
44%
Zuid-AfrikaBloemfonteinJa
42%
ChinaXiamenJa
42%
TurkijeAntalyaJa
41%
de Democratische Republiek CongoKigaliNee
41%
de Democratische Republiek CongoLusakaNee
41%
Zuid-AfrikaWindhoekNee
41%
TurkijeIzmirJa
40%
MexicoCancunJa
39%
de Democratische Republiek CongoLilongweNee
39%
Zuid-AfrikaPort ElizabethJa
39%
de Democratische Republiek CongoBrazzavilleNee
38%
de Democratische Republiek CongoBanguiNee
37%
AustraliëBrisbaneJa
37%
de Democratische Republiek CongoKitweNee
37%
Zuid-AfrikaPretoriaJa
37%
IndiaJaipurJa
36%
ChinaShenzenJa
36%
IndiaCalcuttaJa
32%
AustraliëDarwinJa
32%
AustraliëAdelaideJa
31%
AustraliëAlice SpringsJa
30%
BraziliëBelo HorizonteJa
30%
Zuid-AfrikaGrootfonteinNee
29%
JapanNagoyaJa
29%
ChinaTianjinJa
29%
BraziliëFortalezaJa
28%
MexicoGuadalajaraJa
28%
de Democratische Republiek CongoKinshasaJa
28%
MexicoSan PedroNee
28%
IndiaNagpurJa
27%
TurkijeAdanaJa
26%
TurkijeGaziantepJa
26%
MexicoTijuanaJa
26%
Zuid-AfrikaDurbanJa
25%
de Democratische Republiek CongoLubumbashiJa
25%
BraziliëSalvadorJa
25%
MexicoVeracruzJa
25%
IndiaBangaloreJa
24%
de Democratische Republiek CongoKisanganiJa
23%
de Democratische Republiek CongoBomaJa
22%
MexicoMonterreyJa
22%
de Democratische Republiek CongoKanangaJa
21%
JapanSapporoJa
21%
TurkijeBursaJa
19%
JapanSendaiJa
19%
BraziliëManausJa
18%
de Democratische Republiek CongoBandunduJa
17%
BraziliëRecifeJa
17%
IndiaHaiderabadJa
16%
de Democratische Republiek CongoKalemiJa
16%
MexicoMeridaJa
16%
Zuid-AfrikaUpingtonJa
16%
MexicoHermosilloJa
15%
de Democratische Republiek CongoButemboJa
14%
Zuid-AfrikaKimberlyJa
14%
IndiaAhmedabadJa
12%
MexicoTampicoJa
11%
TurkijeErdineJa
10%

Scoreverdeling

Percentiel versus Aantal Correcte Antwoorden

Procent van Mensen met Elke Score

Uw Scoregeschiedenis

U heeft deze quiz nog niet genomen